000 00695nam a2200289Ia 4500
005 20260324134409.0
008 008 260324s9999 xx 000 0 eng d
020 _a9780429239205
037 _aEBOOK
040 _aCRL
040 _beng
040 _cCRL
041 _2eng
041 _aeng
084 _qCRL
100 _aMika LaVaque Manty
_91196660
245 0 _aArguments and Fists
245 0 _bPolitical Agency and Justification in Liberal Theory
260 _bTaylor and Francis
260 _c2002
365 _a
365 _b280
856 _uhttp://www.taylorfrancis.com/books/9780429239205
942 _cEBOOK
999 _c1796724
_d1796724